| 000 | 01027cam a2200301ua 4500 | ||
|---|---|---|---|
| 001 | 4460159 | ||
| 005 | 20100301011913.0 | ||
| 008 | 870409s1987 sz a b 000 0 eng d | ||
| 020 | _a2825408816 (pbk.) | ||
| 035 | _a(OCoLC)15585447 | ||
| 035 | _a(OCoLC)ocm15585447 | ||
| 035 | _a(NNC)4460159 | ||
| 040 |
_aNNUT _cNNUT _dNjPT _dNNUT |
||
| 050 |
_aBV2063 _b.C66 1987 |
||
| 245 | 0 | 2 |
_aA Community of clowns : _btestimonies of people in Urban Rural Mission / _ccompiled by Hugh Lewin. |
| 260 |
_aGeneva : _bWCC Publications, _cc1987. |
||
| 300 |
_axiii, 303 p. : _bill. ; _c22 cm. |
||
| 504 | _aIncludes bibliographical references. | ||
| 610 | 2 | 0 | _aUrban Rural Mission. |
| 650 | 0 | _aMissions. | |
| 650 | 0 | _aChurch and social problems. | |
| 650 | 0 | _aChristianity and justice. | |
| 700 | 1 | _aLewin, Hugh. | |
| 710 | 2 | _aWorld Council of Churches. | |
| 942 |
_2lcc _cBK |
||
| 999 |
_c38947 _d38947 |
||